Famous Simons Quiz Stats

 Plays Quiz Updated Apr 12, 2019

Score 0/18 Timer 05:00
0 Plays Today
Hint Name % Correct
Former American Idol JudgeSimon Cowell
95.2%
Children's game that tests your ability to follow directionsSimon Says
88.6%
Singer of 'You Can Call Me Al'Paul Simon
58.1%
Singer-songwriter formerly married to James TaylorCarly Simon
51.7%
Met a pieman on his way to the fairSimple Simon
48.7%
1980's brothers detective showSimon and Simon
33.1%
'The Odd Couple' and 'Lost in Yonkers' playwrightNeil Simon
32.8%
South American revolutionarySimón Bolívar
32.3%
This division of CBS Corp is one of the world's largest book publishersSimon & Schuster
30%
Hint Name % Correct
Actor from 'Shaun of the Dead' and 'Star Trek'Simon Pegg
29.4%
Lead singer of Duran DuranSimon Le Bon
27%
Villain from 'Uncle Tom's Cabin'Simon Legree
18.5%
Creator of 'Pop Idol', 'American Idol' and 'So You Think You Can Dance'Simon Fuller
16.5%
Actor who portrays Patrick Jane on 'The Mentalist'Simon Baker
14.1%
Leslie Charteris' 'The Saint' was also known asSimon Templar
12.6%
'Murderers Among Us' starred Ben Kingsley as this Nazi hunterSimon Wiesenthal
9.6%
Main villain from 'Die Hard With a Vengeance'Simon Gruber
9.1%
Fictional character from the TV series FireflySimon Tam
4.8%

You're not logged in!

Compare scores with friends on all Sporcle quizzes.
OR
Log In

Sporcle TV

Today on Sporcle TV


Watch our educational content, quiz creation guides, and fun videos on Sporcle TV.

Show Comments

Extras

Top Quizzes Today


Score Distribution

Your Account Isn't Verified!

In order to create a playlist on Sporcle, you need to verify the email address you used during registration. Go to your Sporcle Settings to finish the process.

Report this User

Report this user for behavior that violates our Community Guidelines.

Details: